000
00265nam a2200097Ia 4500
008
230907s9999||||xx |||||||||||||| ||und||
082
_a
621.3815322
_b
CON
245
0
_a
Control of power electronic converters and systems /
300
_a
Vol. II, 551 p. :
942
_c
BK
999
_c
599144
_d
599144